00678nam a2200241 a 4500001001300000003000900013005001700022008004100039020000900080082001300089100001800102245003900120260004400159300000900203500003500212505001000247650002700257700001800284902000800302942000700310952010400317999001500421nice12345678IN_TiNIC20260116011712.0050524s1978 bana grp 000 0 eng  ac1200a270bEVE aEvery, George aUnderstanding Eastern Christianity aBangalorebDharmaram Publicationsc1978 a136p aincludes index and biblioraphy2 aIndex aChurch-History Eastern1 aEvery, George bSRS cBK 00104070aHMIbHMId2007-07-17g12.00l1o270 EVEp08944r2023-07-10s2023-03-20w2026-01-16yEB c3465d3465